000 007030000a22002290004500
003 dpl
005 20081029122716.0
008 081029t xxu||||| |||| 00| 0 eng d
010 _aENG-84587
020 _a8182201268
020 _c600.00 (hb)
035 _aEN-68120
040 _cdpl
082 _a027.7
100 _aJoshi, S C
245 _aUniversity libraries and national development /
_cby S C Joshi
260 _aNew Delhi
_bGlobal Vision Publishing House
260 _c2005
300 _avi,285p
_c22cm
942 _2ddc
_cEN
_i027.7
_mJOS
999 _c17891
_d17891